000 00385nam a2200157Ia 4500
008 221030s9999 xx 000 0 und d
020 _a8178085852
041 _aEnglish
082 _a105.23
_bKam
100 _aA. N. Kamtharie
245 0 _aProgramming With Ansi And Turbo C
260 _bPearson Education
_aNew Delhi
_c2002
300 _a594
650 _aComputers
942 _cBK
999 _c1405
_d1405